[Event "NB I. Maroczy csoport"]
[Site "Budapest"]
[Date "2024.04.21"]
[Round "10.6"]
[White "Czegledi, Barna Jr"]
[Black "Tubak, Daniel"]
[Result "0-1"]
[WhiteElo "2085"]
[BlackElo "2216"]
[PlyCount "76"]
[EventDate "2023.10.08"]
[EventType "team-tourn"]
[EventRounds "11"]
[EventCountry "HUN"]
[Source "chess.hu"]
[WhiteTeam "Vasas SC"]
[BlackTeam "Maroczy SE I."]
[WhiteTeamCountry "HUN"]
[BlackTeamCountry "HUN"]

1. d4 Nf6 2. c4 e6 3. g3 d5 4. Bg2 Be7 5. Nf3 O-O 6. O-O dxc4 7. Qc2 b6 8. Qxc4
Bb7 9. Ne5 Bxg2 10. Kxg2 c5 11. Rd1 Qc8 12. dxc5 Bxc5 13. Bg5 Qb7+ 14. f3 Nd5
15. e4 f6 16. exd5 fxe5 17. Rd3 exd5 18. Rxd5 Qf7 19. Nd2 h6 20. Rxc5 bxc5 21.
Be3 Nd7 22. Rc1 Qxc4 23. Rxc4 Rfc8 24. Ne4 Nb6 25. Rc1 c4 26. Bxb6 axb6 27. a3
b5 28. Kf2 Rd8 29. Ke2 Rd4 30. Rc2 Rf8 31. Rc3 Rfd8 32. Rc2 Rd3 33. Nc5 Rd1 34.
Ne4 Rh1 35. h4 Rdd1 36. Rd2 Rhe1+ 37. Kf2 Rxd2+ 38. Nxd2 Ra1 0-1

[Event "NB I. Maroczy csoport"]
[Site "Budapest"]
[Date "2024.04.21"]
[Round "10.7"]
[White "Nagy, Daniel"]
[Black "Horvath, Julia"]
[Result "1/2-1/2"]
[WhiteElo "2294"]
[BlackElo "2110"]
[PlyCount "81"]
[EventDate "2023.10.08"]
[EventType "team-tourn"]
[EventRounds "11"]
[EventCountry "HUN"]
[Source "chess.hu"]
[WhiteTeam "Maroczy SE I."]
[BlackTeam "Vasas SC"]
[WhiteTeamCountry "HUN"]
[BlackTeamCountry "HUN"]

1. d4 d5 2. c4 e6 3. Nf3 a6 4. c5 f5 5. Nc3 Nf6 6. Bf4 Be7 7. e3 O-O 8. Bd3 Bd7
9. Ne5 Nc6 10. h3 b6 11. cxb6 cxb6 12. Rc1 Nxe5 13. Bxe5 b5 14. O-O Ne4 15. Ne2
Rc8 16. f3 Nd6 17. Rxc8 Qxc8 18. b3 Qc6 19. Qe1 Nf7 20. f4 Nxe5 21. fxe5 Bg5
22. Qf2 Bh6 23. g4 g6 24. gxf5 gxf5 25. Kh2 Rf7 26. Rc1 Qb6 27. b4 a5 28. a3
axb4 29. axb4 Bf8 30. Nf4 Qd8 31. Nh5 Kh8 32. Rg1 Be7 33. e4 dxe4 34. Bxe4 Qf8
35. Bf3 Qh6 36. Qg2 Qf8 37. Ra1 Qh6 38. Ra8+ Rf8 39. Ra7 Rd8 40. Qc2 Bxb4 41.
Bg2 1/2-1/2

[Event "NB I. Maroczy csoport"]
[Site "Budapest"]
[Date "2024.04.21"]
[Round "10.8"]
[White "Havasi, Janos"]
[Black "Kopasz, Robert"]
[Result "0-1"]
[WhiteElo "2012"]
[BlackElo "2229"]
[PlyCount "117"]
[EventDate "2023.10.08"]
[EventType "team-tourn"]
[EventRounds "11"]
[EventCountry "HUN"]
[Source "chess.hu"]
[WhiteTeam "Vasas SC"]
[BlackTeam "Maroczy SE I."]
[WhiteTeamCountry "HUN"]
[BlackTeamCountry "HUN"]

1. e4 e5 2. Nf3 Nc6 3. Bc4 Be7 4. Nc3 Nf6 5. d3 d6 6. h3 O-O 7. a3 Be6 8. Nd5
Qd7 9. Be3 Bd8 10. Bg5 Bxd5 11. exd5 Nd4 12. Bxf6 Bxf6 13. c3 Nf5 14. O-O g6
15. Qd2 Bg7 16. Rae1 Rae8 17. b4 Bh6 18. Qc1 a6 19. a4 Bg7 20. Bb3 a5 21. Bc4
Ra8 22. Bb3 Rfc8 23. b5 Re8 24. Ng5 Qd8 25. Nf3 Qb8 26. Rd1 Qa7 27. Kh2 Re7 28.
g4 Nh6 29. Rde1 Rae8 30. Re2 Kh8 31. Rfe1 Ng8 32. g5 Qb8 33. Nd2 Qc8 34. Ne4 b6
35. Qd2 Qf5 36. Ng3 Qd7 37. Bd1 f6 38. h4 fxg5 39. hxg5 Rf7 40. Re4 Ref8 41. f3
Ne7 42. c4 Nf5 43. Nxf5 Rxf5 44. Rg1 Rf4 45. Rg4 R4f5 46. Qg2 R8f7 47. Re1 Qd8
48. Rg1 Bf8 49. Qg3 Rf4 50. Qh3 Rxg4 51. Rxg4 Be7 52. d4 Bxg5 53. Bc2 Qf6 54.
Kg2 Kg7 55. dxe5 dxe5 56. Re4 Bf4 57. Kf1 Qd6 58. Ke2 Qb4 59. Qf1 0-1

[Event "NB I. Maroczy csoport"]
[Site "Budapest"]
[Date "2024.04.21"]
[Round "10.9"]
[White "Csizmadia, Laszlo"]
[Black "Pesztericz, Laszlo"]
[Result "1/2-1/2"]
[WhiteElo "2315"]
[BlackElo "2055"]
[PlyCount "62"]
[EventDate "2023.10.08"]
[EventType "team-tourn"]
[EventRounds "11"]
[EventCountry "HUN"]
[Source "chess.hu"]
[WhiteTeam "Maroczy SE I."]
[BlackTeam "Vasas SC"]
[WhiteTeamCountry "HUN"]
[BlackTeamCountry "HUN"]

1. d4 Nf6 2. c4 g6 3. Nc3 Bg7 4. e4 d6 5. f4 O-O 6. Nf3 c5 7. d5 e6 8. Be2 exd5
9. exd5 Bf5 10. O-O Re8 11. Bd3 Bxd3 12. Qxd3 Nbd7 13. Bd2 a6 14. h3 b5 15.
cxb5 axb5 16. Nxb5 Qb6 17. a4 c4+ 18. Qd4 Qxd4+ 19. Nfxd4 Nxd5 20. Bc3 Nc5 21.
Nxd6 Red8 22. Nxc4 Nxc3 23. bxc3 Bxd4+ 24. cxd4 Rxd4 25. Nb6 Ra6 26. a5 Nb3 27.
Ra3 Nxa5 28. Nc8 Rd8 29. Ne7+ Kf8 30. Rxa5 Rxa5 31. Nc6 Rad5 1/2-1/2

[Event "NB I. Maroczy csoport"]
[Site "Budapest"]
[Date "2024.04.21"]
[Round "10.10"]
[White "Gyurkovics, Miklos"]
[Black "Kocsmar, Akos"]
[Result "0-1"]
[WhiteElo "1985"]
[BlackElo "2047"]
[PlyCount "86"]
[EventDate "2023.10.08"]
[EventType "team-tourn"]
[EventRounds "11"]
[EventCountry "HUN"]
[Source "chess.hu"]
[WhiteTeam "Vasas SC"]
[BlackTeam "Maroczy SE I."]
[WhiteTeamCountry "HUN"]
[BlackTeamCountry "HUN"]

1. Nf3 Nf6 2. g3 b5 3. Bg2 Bb7 4. O-O e6 5. d3 Be7 6. e4 d6 7. a4 b4 8. a5 O-O
9. c3 d5 10. e5 Nfd7 11. Qb3 c5 12. cxb4 cxb4 13. d4 Ba6 14. Re1 Nc6 15. Be3
Rb8 16. Nbd2 Bb5 17. Qa2 Qc7 18. Rec1 Rfe8 19. Qb1 Qb7 20. h4 Qa6 21. Ng5 Bxg5
22. hxg5 Bd3 23. Bf1 Bxf1 24. Nxf1 Rb5 25. Qd3 Qb7 26. a6 Qb6 27. Nd2 Ndb8 28.
Kg2 Ra5 29. Nb3 Rxa6 30. Rh1 g6 31. Nc5 Rxa1 32. Rxa1 a5 33. f4 Re7 34. g4 Nd7
35. Nxd7 Rxd7 36. f5 exf5 37. gxf5 Ne7 38. fxg6 fxg6 39. Rf1 Nf5 40. Rxf5 gxf5
41. Qxf5 Rf7 42. Qc8+ Kg7 43. e6 Re7 0-1

[Event "NB I. Maroczy csoport"]
[Site "Budapest"]
[Date "2024.04.21"]
[Round "10.11"]
[White "Toth, Daniel"]
[Black "Szabo, Kristof"]
[Result "1/2-1/2"]
[WhiteElo "2061"]
[BlackElo "2111"]
[PlyCount "45"]
[EventDate "2023.10.08"]
[EventType "team-tourn"]
[EventRounds "11"]
[EventCountry "HUN"]
[Source "chess.hu"]
[WhiteTeam "Maroczy SE I."]
[BlackTeam "Vasas SC"]
[WhiteTeamCountry "HUN"]
[BlackTeamCountry "HUN"]

1. d4 Nf6 2. c4 Nc6 3. Nc3 e5 4. dxe5 Nxe5 5. e3 Bb4 6. Bd2 O-O 7. Nf3 Qe7 8.
a3 Bxc3 9. Bxc3 d6 10. Be2 Bg4 11. Nxe5 Bxe2 12. Qxe2 dxe5 13. e4 Rfd8 14. O-O
Nd7 15. Rfd1 Nf8 16. Rd5 f6 17. Bb4 Qe8 18. Bxf8 Kxf8 19. Rad1 c6 20. R5d3 Ke7
21. Qg4 g6 22. Qh3 h5 23. Kf1 1/2-1/2

[Event "NB I. Maroczy csoport"]
[Site "Budapest"]
[Date "2024.04.21"]
[Round "10.12"]
[White "Harkanyi, Gergely"]
[Black "Markus, Molli Amina"]
[Result "0-1"]
[WhiteElo "1950"]
[BlackElo "1932"]
[PlyCount "60"]
[EventDate "2023.10.08"]
[EventType "team-tourn"]
[EventRounds "11"]
[EventCountry "HUN"]
[Source "chess.hu"]
[WhiteTeam "Vasas SC"]
[BlackTeam "Maroczy SE I."]
[WhiteTeamCountry "HUN"]
[BlackTeamCountry "HUN"]

1. e4 c5 2. Nf3 Nc6 3. Bc4 e6 4. O-O g6 5. c3 Bg7 6. d4 cxd4 7. Bb3 dxc3 8.
Nxc3 a6 9. Bf4 Nge7 10. Bd6 O-O 11. Qd2 b5 12. Rfd1 Na5 13. h4 Re8 14. h5 Nxb3
15. axb3 Bb7 16. Qf4 Rc8 17. Ne5 f6 18. Ng4 Rf8 19. hxg6 hxg6 20. Nh6+ Bxh6 21.
Qxh6 Rf7 22. Rd3 Rg7 23. Rg3 Qb6 24. Rd1 b4 25. Na4 Qb5 26. f3 Rc2 27. Kh2 a5
28. Kh1 Bc6 29. Nc5 Rxc5 30. Rxg6 Rh5+ 0-1

[Event "NB I. Maroczy csoport"]
[Site "Kisujszallas"]
[Date "2024.04.21"]
[Round "10.1"]
[White "Groszpeter, Attila"]
[Black "Berebora, Ferenc"]
[Result "1/2-1/2"]
[WhiteElo "2427"]
[BlackElo "2388"]
[PlyCount "23"]
[EventDate "2023.10.08"]
[EventType "team-tourn"]
[EventRounds "11"]
[EventCountry "HUN"]
[Source "chess.hu"]
[WhiteTeam "Neumann J. Egyetem"]
[BlackTeam "Kumania-Kisujszallas"]
[WhiteTeamCountry "HUN"]
[BlackTeamCountry "HUN"]

1. e4 e5 2. Nf3 Nc6 3. Bb5 a6 4. Ba4 Nf6 5. O-O Be7 6. Re1 b5 7. Bb3 d6 8. a4
Rb8 9. axb5 axb5 10. c3 O-O 11. d4 exd4 12. cxd4 1/2-1/2

[Event "NB I. Maroczy csoport"]
[Site "Kisujszallas"]
[Date "2024.04.21"]
[Round "10.2"]
[White "Balla, Tamas-Kristof"]
[Black "Balazs, Gabor"]
[Result "1/2-1/2"]
[WhiteElo "2291"]
[BlackElo "2369"]
[PlyCount "40"]
[EventDate "2023.10.08"]
[EventType "team-tourn"]
[EventRounds "11"]
[EventCountry "HUN"]
[Source "chess.hu"]
[WhiteTeam "Kumania-Kisujszallas"]
[BlackTeam "Neumann J. Egyetem"]
[WhiteTeamCountry "HUN"]
[BlackTeamCountry "HUN"]

1. e4 c5 2. Nf3 e6 3. d4 cxd4 4. Nxd4 a6 5. c4 Nf6 6. Nc3 Qc7 7. Be3 d6 8. Be2
Nbd7 9. O-O b6 10. f3 Be7 11. Qd2 Bb7 12. Rfd1 O-O 13. Rac1 Rac8 14. a3 Rfe8
15. b4 Qb8 16. Nb3 h6 17. Na4 Bc6 18. Nc3 Bb7 19. Na4 Bc6 20. Nc3 Bb7 1/2-1/2

[Event "NB I. Maroczy csoport"]
[Site "Kisujszallas"]
[Date "2024.04.21"]
[Round "10.3"]
[White "Marosi, Levente"]
[Black "Meszaros, Gyula"]
[Result "1/2-1/2"]
[WhiteElo "2280"]
[BlackElo "2302"]
[PlyCount "34"]
[EventDate "2023.10.08"]
[EventType "team-tourn"]
[EventRounds "11"]
[EventCountry "HUN"]
[Source "chess.hu"]
[WhiteTeam "Neumann J. Egyetem"]
[BlackTeam "Kumania-Kisujszallas"]
[WhiteTeamCountry "HUN"]
[BlackTeamCountry "HUN"]

1. e4 e6 2. d4 d5 3. Nd2 Nc6 4. Ngf3 Nf6 5. e5 Nd7 6. Bb5 a6 7. Bxc6 bxc6 8.
Nb3 c5 9. Bg5 Be7 10. Na5 Nxe5 11. Nxe5 Bxg5 12. Nac6 Qd6 13. Qh5 O-O 14. Qxg5
f6 15. dxc5 Qxc5 16. Qe3 Qd6 17. O-O fxe5 1/2-1/2

[Event "NB I. Maroczy csoport"]
[Site "Kisujszallas"]
[Date "2024.04.21"]
[Round "10.4"]
[White "Egyed, Gabor"]
[Black "Soos, Arpad"]
[Result "0-1"]
[WhiteElo "2116"]
[BlackElo "2344"]
[PlyCount "174"]
[EventDate "2023.10.08"]
[EventType "team-tourn"]
[EventRounds "11"]
[EventCountry "HUN"]
[Source "chess.hu"]
[WhiteTeam "Kumania-Kisujszallas"]
[BlackTeam "Neumann J. Egyetem"]
[WhiteTeamCountry "HUN"]
[BlackTeamCountry "HUN"]

1. e4 c5 2. Nf3 d6 3. d4 cxd4 4. Nxd4 Nf6 5. Nc3 Nc6 6. Bg5 e6 7. f3 Be7 8. Qd2
h6 9. Be3 a6 10. O-O-O Bd7 11. g4 b5 12. Nxc6 Bxc6 13. Kb1 Nd7 14. Bd4 O-O 15.
Ne2 Ne5 16. Qc3 b4 17. Qe3 Qc7 18. Ng3 Ng6 19. Qf2 Qb7 20. Bd3 Bh4 21. Qd2 Rad8
22. Nh5 e5 23. Be3 f6 24. Bc4+ Kh8 25. Ng3 Ne7 26. Bxh6 d5 27. Bd3 dxe4 28.
fxe4 Qc8 29. Nh5 Rf7 30. Bxg7+ Rxg7 31. Nxg7 Kxg7 32. Qxb4 Ng6 33. Be2 Re8 34.
Rd6 Nf4 35. Bf3 Ne6 36. c3 Bf2 37. Qc4 Bc5 38. Rd2 Bb5 39. Qb3 Ng5 40. Qd1 Be3
41. Rd6 Nh3 42. g5 Nxg5 43. h4 Nf7 44. Rd5 Rd8 45. Rxd8 Qxd8 46. Qe1 Qd3+ 47.
Ka1 Kf8 48. Qg3 Qc2 49. Qg2 Qxg2 50. Bxg2 Nd6 51. b3 Bc6 52. Rd1 Ke7 53. Kb2 f5
54. Re1 f4 55. h5 Bxe4 56. Bxe4 Nxe4 57. Kc2 Ng3 58. h6 Kf7 59. b4 Kg6 60. a4
Kxh6 61. b5 axb5 62. a5 f3 63. Rxe3 e4 64. Re1 f2 65. Ra1 e3 66. a6 e2 67. a7
e1=Q 68. Rxe1 fxe1=Q 69. a8=Q Qe2+ 70. Kb3 Qc4+ 71. Kc2 Nf5 72. Qh8+ Kg5 73.
Kb2 Kg4 74. Qe8 Kf4 75. Qe1 Qd3 76. Qf2+ Ke4 77. Qg2+ Qf3 78. Qc2+ Kd5 79. Qb3+
Kc6 80. Qe6+ Nd6 81. Qe1 Qg2+ 82. Kb3 Qd5+ 83. Kb2 Nc4+ 84. Kc2 Qg2+ 85. Kd3
Nb2+ 86. Ke3 Nc4+ 87. Kd3 Qg6+ 0-1

[Event "NB I. Maroczy csoport"]
[Site "Kisujszallas"]
[Date "2024.04.21"]
[Round "10.5"]
[White "Siklosi, Zoltan"]
[Black "Nagy, Attila N"]
[Result "1-0"]
[WhiteElo "2273"]
[BlackElo "2135"]
[PlyCount "37"]
[EventDate "2023.10.08"]
[EventType "team-tourn"]
[EventRounds "11"]
[EventCountry "HUN"]
[Source "chess.hu"]
[WhiteTeam "Neumann J. Egyetem"]
[BlackTeam "Kumania-Kisujszallas"]
[WhiteTeamCountry "HUN"]
[BlackTeamCountry "HUN"]

1. e4 c5 2. Nf3 d6 3. d4 cxd4 4. Nxd4 Nf6 5. Nc3 e6 6. Be2 Be7 7. O-O a6 8. f4
Qc7 9. Kh1 Nc6 10. Be3 Rb8 11. Qe1 O-O 12. Qg3 Re8 13. Rad1 Bf8 14. a3 b5 15.
e5 dxe5 16. fxe5 Nxd4 17. Bxd4 Nd5 18. Nxd5 exd5 19. e6 1-0

[Event "NB I. Maroczy csoport"]
[Site "Kisujszallas"]
[Date "2024.04.21"]
[Round "10.6"]
[White "Pletl, Akos"]
[Black "Marta, Dominik"]
[Result "0-1"]
[WhiteElo "2191"]
[BlackElo "2114"]
[PlyCount "96"]
[EventDate "2023.10.08"]
[EventType "team-tourn"]
[EventRounds "11"]
[EventCountry "HUN"]
[Source "chess.hu"]
[WhiteTeam "Kumania-Kisujszallas"]
[BlackTeam "Neumann J. Egyetem"]
[WhiteTeamCountry "HUN"]
[BlackTeamCountry "HUN"]

1. Nf3 d5 2. d4 Nf6 3. Bf4 e6 4. c3 Bd6 5. e3 Bxf4 6. exf4 Nbd7 7. Bd3 g6 8.
O-O Nh5 9. g3 Ndf6 10. Nbd2 Bd7 11. Qb3 Bc6 12. Ne5 O-O 13. Rfe1 Ng7 14. Ndf3
Qd6 15. Re2 Rab8 16. a4 Rfc8 17. Bb5 a6 18. Bxc6 bxc6 19. Qa3 Ne4 20. Ng5 Nxg5
21. fxg5 Nf5 22. g4 Ne7 23. Nd3 Kg7 24. a5 Rh8 25. Nc5 Ra8 26. Rae1 Ng8 27. Re5
h6 28. h4 hxg5 29. hxg5 Rh4 30. f3 Ne7 31. b4 Rah8 32. Qc1 Rh1+ 33. Kf2 R1h2+
34. Ke3 R8h3 35. Nd3 Qd8 36. Nf4 Qh8 37. Nxh3 Qxh3 38. Qd1 c5 39. Re2 cxd4+ 40.
cxd4 Nc6 41. Qd3 Nxe5 42. dxe5 Qxf3+ 43. Kxf3 Rh3+ 44. Kf2 Rxd3 45. Rc2 Rb3 46.
Rxc7 Rxb4 47. Rc6 Rxg4 48. Rxa6 Rxg5 0-1

[Event "NB I. Maroczy csoport"]
[Site "Kisujszallas"]
[Date "2024.04.21"]
[Round "10.7"]
[White "Varasdy, Imre"]
[Black "Balogh, David"]
[Result "1/2-1/2"]
[WhiteElo "2203"]
[BlackElo "2212"]
[PlyCount "81"]
[EventDate "2023.10.08"]
[EventType "team-tourn"]
[EventRounds "11"]
[EventCountry "HUN"]
[Source "chess.hu"]
[WhiteTeam "Neumann J. Egyetem"]
[BlackTeam "Kumania-Kisujszallas"]
[WhiteTeamCountry "HUN"]
[BlackTeamCountry "HUN"]

1. d4 d5 2. c4 Bf5 3. Nc3 e6 4. Nf3 c6 5. Qb3 Qc8 6. Bf4 dxc4 7. Qxc4 Nf6 8.
Nh4 Be4 9. Nxe4 Nxe4 10. Nf3 Qd8 11. a3 Qb6 12. Qc2 Qa5+ 13. Nd2 Nxd2 14. Bxd2
Qb6 15. Bc3 Nd7 16. e4 Nf6 17. Bc4 Be7 18. O-O Rd8 19. Rad1 Rd7 20. Rfe1 O-O
21. Re3 Rc8 22. Ba2 Qd8 23. Rde1 Bf8 24. b4 g6 25. Qb2 Bg7 26. Rf3 Ne8 27. Rd3
Nc7 28. a4 a6 29. Red1 Qf8 30. h4 Rcd8 31. h5 Ne8 32. hxg6 hxg6 33. Qe2 Qe7 34.
f4 Qh4 35. Qf2 Qxf2+ 36. Kxf2 e5 37. fxe5 Bxe5 38. Ke3 Bg7 39. g4 Nc7 40. Rf1
Re8 41. Kf3 1/2-1/2

[Event "NB I. Maroczy csoport"]
[Site "Kisujszallas"]
[Date "2024.04.21"]
[Round "10.8"]
[White "Simonyi, Zoltan"]
[Black "Czegledi, Zsolt"]
[Result "1/2-1/2"]
[WhiteElo "2104"]
[BlackElo "2150"]
[PlyCount "94"]
[EventDate "2023.10.08"]
[EventType "team-tourn"]
[EventRounds "11"]
[EventCountry "HUN"]
[Source "chess.hu"]
[WhiteTeam "Kumania-Kisujszallas"]
[BlackTeam "Neumann J. Egyetem"]
[WhiteTeamCountry "HUN"]
[BlackTeamCountry "HUN"]

1. d4 d5 2. c4 e6 3. Nc3 Nf6 4. Bg5 Be7 5. e3 Nbd7 6. Nf3 O-O 7. Rc1 c6 8. Qc2
Re8 9. a3 h6 10. Bh4 a6 11. h3 dxc4 12. Bxc4 b5 13. Be2 c5 14. dxc5 Nxc5 15. b4
Ncd7 16. O-O Bb7 17. Rfd1 Qb6 18. Bg3 Rac8 19. Qb1 Qa7 20. Nd4 Qa8 21. f3 Nb6
22. Nb3 Nfd5 23. Nxd5 Nxd5 24. Qd3 Red8 25. Rxc8 Rxc8 26. Be5 Rd8 27. Bd4 e5
28. Bxe5 Nxb4 29. Qf5 Rxd1+ 30. Bxd1 Qd8 31. Be2 Nc6 32. Bb2 g6 33. Qc2 Bf6 34.
Nc5 Bxb2 35. Qxb2 Qb6 36. Qc3 Na5 37. Nd7 Qd8 38. Nf6+ Kf8 39. e4 h5 40. e5 Nc6
41. Kf2 Qd4+ 42. Qxd4 Nxd4 43. Bd3 Ke7 44. Ke3 Ne6 45. g3 Nc5 46. Bb1 Nd7 47.
Nxd7 Kxd7 1/2-1/2

[Event "NB I. Maroczy csoport"]
[Site "Kisujszallas"]
[Date "2024.04.21"]
[Round "10.9"]
[White "Lehocz, Jozsef Jr"]
[Black "Vranic, Ljubomir"]
[Result "0-1"]
[WhiteElo "2171"]
[BlackElo "2093"]
[PlyCount "60"]
[EventDate "2023.10.08"]
[EventType "team-tourn"]
[EventRounds "11"]
[EventCountry "HUN"]
[Source "chess.hu"]
[WhiteTeam "Neumann J. Egyetem"]
[BlackTeam "Kumania-Kisujszallas"]
[WhiteTeamCountry "HUN"]
[BlackTeamCountry "HUN"]

1. e4 c6 2. d4 d5 3. exd5 cxd5 4. Bd3 Nf6 5. c3 Nc6 6. Bg5 Bg4 7. Ne2 Bxe2 8.
Qxe2 e6 9. O-O Bd6 10. Nd2 Qc7 11. Nf3 Bf4 12. Bh4 h6 13. Rfe1 g5 14. Bg3 O-O
15. Ne5 Bxg3 16. hxg3 Kg7 17. f4 Nxe5 18. dxe5 Nd7 19. Kh2 f5 20. g4 fxg4 21.
fxg5 h5 22. Bc2 Rf4 23. Qd3 Rf5 24. Qg3 Rxg5 25. Qf4 g3+ 26. Kh1 Rg4 27. Qd2
Rf8 28. Rf1 Rh4+ 29. Kg1 Qb6+ 30. Qd4 Rxd4 0-1

[Event "NB I. Maroczy csoport"]
[Site "Kisujszallas"]
[Date "2024.04.21"]
[Round "10.10"]
[White "Fekete, Albert"]
[Black "Brandics, Jozsef"]
[Result "1/2-1/2"]
[WhiteElo "2092"]
[BlackElo "2165"]
[PlyCount "52"]
[EventDate "2023.10.08"]
[EventType "team-tourn"]
[EventRounds "11"]
[EventCountry "HUN"]
[Source "chess.hu"]
[WhiteTeam "Kumania-Kisujszallas"]
[BlackTeam "Neumann J. Egyetem"]
[WhiteTeamCountry "HUN"]
[BlackTeamCountry "HUN"]

1. Nf3 d5 2. g3 Bg4 3. Bg2 c6 4. d3 Nd7 5. Nbd2 e6 6. O-O Be7 7. h3 Bh5 8. e4
dxe4 9. dxe4 Ne5 10. g4 Nxf3+ 11. Nxf3 Qxd1 12. Rxd1 Bg6 13. Ne5 Nf6 14. Nxg6
hxg6 15. Be3 e5 16. Rd2 b6 17. Rad1 Rd8 18. a4 Rxd2 19. Rxd2 Nd7 20. Rd1 Kd8
21. Bf1 Kc7 22. Kg2 Nc5 23. Bxc5 Bxc5 24. Bc4 Rf8 25. f3 Bd6 26. Rf1 g5 1/2-1/2

[Event "NB I. Maroczy csoport"]
[Site "Kisujszallas"]
[Date "2024.04.21"]
[Round "10.11"]
[White "Csala, Imre"]
[Black "Szaloki, Arpad"]
[Result "0-1"]
[WhiteElo "1990"]
[BlackElo "2000"]
[PlyCount "60"]
[EventDate "2023.10.08"]
[EventType "team-tourn"]
[EventRounds "11"]
[EventCountry "HUN"]
[Source "chess.hu"]
[WhiteTeam "Neumann J. Egyetem"]
[BlackTeam "Kumania-Kisujszallas"]
[WhiteTeamCountry "HUN"]
[BlackTeamCountry "HUN"]

1. d4 d5 2. c4 c6 3. e3 Nf6 4. Nc3 e6 5. Nf3 Nbd7 6. Bd3 dxc4 7. Bxc4 b5 8. Bd3
a6 9. O-O Bd6 10. b3 O-O 11. Bb2 Bb7 12. Rc1 Rc8 13. Qe2 e5 14. Bf5 exd4 15.
exd4 Re8 16. Qd1 Rc7 17. Re1 Nb6 18. Rxe8+ Qxe8 19. Qd2 Nbd5 20. Ne5 c5 21.
Nxd5 Nxd5 22. Nd3 c4 23. Nc5 Bf4 24. Re1 Re7 25. Rxe7 Qxe7 26. Qd1 c3 27. Bc1
Qg5 28. Be4 Bxc1 29. Nxb7 Qd2 30. Qf1 c2 0-1

[Event "NB I. Maroczy csoport"]
[Site "Kisujszallas"]
[Date "2024.04.21"]
[Round "10.12"]
[White "Molnar, Lili"]
[Black "Balazs-Szalai, Renata"]
[Result "1/2-1/2"]
[WhiteElo "1702"]
[BlackElo "1908"]
[PlyCount "142"]
[EventDate "2023.10.08"]
[EventType "team-tourn"]
[EventRounds "11"]
[EventCountry "HUN"]
[Source "chess.hu"]
[WhiteTeam "Kumania-Kisujszallas"]
[BlackTeam "Neumann J. Egyetem"]
[WhiteTeamCountry "HUN"]
[BlackTeamCountry "HUN"]

1. d4 d5 2. c4 c6 3. Nf3 Nf6 4. Nc3 e6 5. Bg5 Be7 6. e3 Qa5 7. Nd2 Nbd7 8. Nb3
Qc7 9. Rc1 Bb4 10. Bf4 Qd8 11. Be2 dxc4 12. Bxc4 b5 13. Be2 Bb7 14. Bf3 O-O 15.
O-O a6 16. Bg3 Nb6 17. Bh4 Nc4 18. Qe2 Be7 19. Bxf6 Bxf6 20. Ne4 Be7 21. Nbc5
Rb8 22. b3 Na5 23. Nd2 Bxc5 24. Rxc5 b4 25. Nc4 Nxc4 26. Qxc4 Qb6 27. Bxc6 Rfc8
28. Bxb7 Qxb7 29. Rc1 Rxc5 30. dxc5 Qc6 31. Rd1 a5 32. Rd6 Qc7 33. Ra6 Rd8 34.
g3 h6 35. c6 Rd1+ 36. Kg2 Rd5 37. Ra8+ Kh7 38. Qe4+ g6 39. Qf4 Qxf4 40. exf4
Rc5 41. Rc8 Kg7 42. Kf3 h5 43. Ke3 Kf6 44. Ra8 Rxc6 45. Rxa5 Rc2 46. Ra4 Ke7
47. Rxb4 Rxa2 48. Rb7+ Ke8 49. h3 Rb2 50. f3 h4 51. gxh4 Rh2 52. b4 Rxh3 53. b5
Rxh4 54. b6 Rh1 55. Rc7 Kd8 56. Rxf7 Kc8 57. Kd4 Rb1 58. Kc5 Rb3 59. b7+ Kb8
60. Kd6 Re3 61. Kc6 Rc3+ 62. Kd7 Kxb7 63. Kxe6+ Kc6 64. Kf6 Rxf3 65. Kxg6 Kd6
66. Kf5 Rf1 67. Rh7 Rf2 68. Rf7 Rf1 69. Kg4 Ke6 70. Rf8 Rg1+ 71. Kh3 Ke7
1/2-1/2

[Event "NB I. Maroczy csoport"]
[Site "Debrecen"]
[Date "2024.04.21"]
[Round "10.1"]
[White "Jablonicky, Martin"]
[Black "Nomin-Erdene, Davaademberel"]
[Result "1-0"]
[WhiteElo "2381"]
[BlackElo "2358"]
[PlyCount "167"]
[EventDate "2023.10.08"]
[EventType "team-tourn"]
[EventRounds "11"]
[EventCountry "HUN"]
[Source "chess.hu"]
[WhiteTeam "Dr.  Hetenyi Geza SK"]
[BlackTeam "DEAC-Debr.Sakkiskola"]
[WhiteTeamCountry "HUN"]
[BlackTeamCountry "HUN"]

1. e4 c6 2. d4 d5 3. e5 Bf5 4. h4 a6 5. c4 e6 6. Nc3 dxc4 7. Bxc4 h5 8. Bg5 Be7
9. Qd2 Nd7 10. Nge2 Nb6 11. Bb3 Qd7 12. Ng3 Bg6 13. Nge4 O-O-O 14. O-O Nh6 15.
Rfd1 Nf5 16. Nc5 Bxc5 17. dxc5 Qxd2 18. Bxd2 Nd7 19. Na4 Rde8 20. Bc3 Nxh4 21.
Rd2 Nf8 22. Rad1 Nh7 23. Ba5 Be4 24. Rd4 Ng5 25. Rxe4 Nxe4 26. Rd4 Nxf2 27.
Kxf2 Nf5 28. Rd2 h4 29. Bc2 h3 30. gxh3 Rxh3 31. Bxf5 Rh2+ 32. Kg3 Rxd2 33.
Bxe6+ Rxe6 34. Nb6+ Kb8 35. Bxd2 f6 36. Bc3 Kc7 37. Kf4 fxe5+ 38. Bxe5+ Kd8 39.
Bxg7 Re2 40. Kf5 Ke8 41. Nc8 Kd8 42. Nd6 Rc2 43. Bc3 Rc1 44. Ke6 Rh1 45. Bf6+
Kc7 46. Nc4 Rh6 47. Ke7 Rh7+ 48. Ke8 Kb8 49. Kd8 Rf7 50. Be7 Rh7 51. Bd6+ Ka7
52. Be5 Rf7 53. Nd6 Rf8+ 54. Kc7 a5 55. Bg7 Rf4 56. Bh6 Rf2 57. Bg7 Ka6 58. Bd4
Rf4 59. Bc3 Rh4 60. a4 Rh5 61. Kc8 Rxc5 62. Nxb7 Rc4 63. Kc7 Ka7 64. Nxa5 Rxa4
65. Kxc6 Rh4 66. b4 Rh6+ 67. Kb5 Rh5+ 68. Ka4 Ka6 69. Nb3 Rd5 70. Bd4 Rh5 71.
Nc5+ Kb6 72. b5 Rh4 73. Ne6+ Kb7 74. Ka5 Rg4 75. Nc5+ Ka8 76. Bc3 Rg8 77. Bb4
Rh8 78. b6 Kb8 79. Ka6 Rh7 80. Bc3 Rf7 81. b7 Rc7 82. Nd7+ Rxd7 83. Be5+ Rc7
84. Bxc7+ 1-0

[Event "NB I. Maroczy csoport"]
[Site "Debrecen"]
[Date "2024.04.21"]
[Round "10.2"]
[White "Varadi, Viktor"]
[Black "Varga, Csaba Zoltan"]
[Result "1-0"]
[WhiteElo "2361"]
[BlackElo "2156"]
[PlyCount "113"]
[EventDate "2023.10.08"]
[EventType "team-tourn"]
[EventRounds "11"]
[EventCountry "HUN"]
[Source "chess.hu"]
[WhiteTeam "DEAC-Debr.Sakkiskola"]
[BlackTeam "Dr.  Hetenyi Geza SK"]
[WhiteTeamCountry "HUN"]
[BlackTeamCountry "HUN"]

1. e4 g6 2. d4 Bg7 3. Nc3 a6 4. f4 d5 5. e5 Nh6 6. Nf3 O-O 7. Be3 Bg4 8. Be2 e6
9. O-O Nf5 10. Bf2 Nc6 11. h3 Bxf3 12. Bxf3 f6 13. g4 fxe5 14. gxf5 e4 15. Bg2
gxf5 16. Ne2 Qf6 17. c3 Bh6 18. Ng3 Kf7 19. Nh5 Qe7 20. Qe1 Rg8 21. Kh1 Rg6 22.
Rg1 Rag8 23. Bh4 Qf8 24. Qf2 Bg7 25. Nxg7 R8xg7 26. Kh2 Qd6 27. Bh1 Ne7 28.
Bxe7 Qxe7 29. Rxg6 hxg6 30. Rg1 g5 31. fxg5 Rxg5 32. Qf4 Kg6 33. Rg3 Kh5 34.
Bg2 Rxg3 35. Kxg3 c5 36. dxc5 Qxc5 37. h4 Qe7 38. Bf1 Kg6 39. Be2 b5 40. Qb8
Qg7 41. Qd8 Qe5+ 42. Kh3 f4 43. Qg8+ Kh6 44. Qf8+ Kg6 45. Bg4 Qf6 46. Qg8+ Kh6
47. Qxe6 Kg7 48. Qxd5 b4 49. cxb4 Qxb2 50. Qg5+ Kf7 51. Qxf4+ Kg7 52. h5 a5 53.
h6+ Kg6 54. Bf5+ Kf7 55. Qc7+ Kf8 56. Qd8+ Kf7 57. Qd7+ 1-0